Integrating conservation strategies into the overall development process (Record no. 72597)
[ view plain ]
| 000 -LEADER | |
|---|---|
| fixed length control field | 00890cam a2200205 4500 |
| 001 - CONTROL NUMBER | |
| control field | ABS66583 |
| 008 - FIXED-LENGTH DATA ELEMENTS--GENERAL INFORMATION | |
| fixed length control field | 030430n2003 000 0 eng u |
| 035 ## - SYSTEM CONTROL NUMBER | |
| System control number | (Sirsi) u122155 |
| 100 ## - MAIN ENTRY--PERSONAL NAME | |
| Personal name | Yarwood, J. |
| 245 ## - TITLE STATEMENT | |
| Title | Integrating conservation strategies into the overall development process |
| 260 ## - PUBLICATION, DISTRIBUTION, ETC. | |
| Date of publication, distribution, etc. | 2003 |
| 490 ## - SERIES STATEMENT | |
| Series statement | Art Antiquity and Law |
| Volume/sequential designation | 8(1) March 2003, 63-71(9) |
| 520 ## - SUMMARY, ETC. | |
| Summary, etc. | Analyses the two perspectives on the conservation of cultural property, one the preservation and guardianship of its fabric and the other its context in the built environment. Uses a number of international case studies to illustrate the dichotomy between these two views. Table. |
| 590 ## - LOCAL NOTE (RLIN) | |
| Local note | ABS |
| 650 ## - SUBJECT ADDED ENTRY--TOPICAL TERM | |
| Topical term or geographic name entry element | BUILT ENVIRONMENT |
| 650 ## - SUBJECT ADDED ENTRY--TOPICAL TERM | |
| Topical term or geographic name entry element | CULTURAL PROPERTY |
| 650 ## - SUBJECT ADDED ENTRY--TOPICAL TERM | |
| Topical term or geographic name entry element | PRESERVATION |
| 690 ## - LOCAL SUBJECT ADDED ENTRY--TOPICAL TERM (OCLC, RLIN) | |
| Topical term or geographic name as entry element | BUILT ENVIRONMENT-BUILDING MAINTENANCE AND REFURBISHMENT-BUILDING CONSERVATION |
| 942 ## - ADDED ENTRY ELEMENTS (KOHA) | |
| Suppress in OPAC | 0 |
| Withdrawn status | Lost status | Source of classification or shelving scheme | Damaged status | Not for loan | Home library | Current library | Shelving location | Date acquired | Total Checkouts | Full call number | Barcode | Date last seen | Copy number | Price effective from | Koha item type |
|---|---|---|---|---|---|---|---|---|---|---|---|---|---|---|---|
| Dewey Decimal Classification | London | London | Journal article | 30/04/2003 | ABS66583 | 122155-1001 | 06/08/2019 | 1 | 06/08/2019 | Journal article |